000
00322nam a22001337a 4500
003
SGT
020
_a
978-981-08-6726-3
082
_a
746.92
_b
DUB
100
_a
DUBURG, ANNETLE
245
_a
DRAPING ART AND CRAFTSMANSHIP IN FASHION DESIGN
260
_a
NETHERLANDS
_b
JAN BRAND
_c
2018
300
_a
447
942
_2
ddc
_c
BK
999
_c
24659
_d
24659